El fútbol

Uloženo v:
Podrobná bibliografie
Hlavní autor: Csanàdi, Arpád (Autor)
Médium: Kniha
Jazyk:španělština
Vydáno: Barcelona Planeta 1969
Vydání:2a. ed
Témata:
Tagy: Přidat tag
Žádné tagy, Buďte první, kdo vytvoří štítek k tomuto záznamu!

MARC

LEADER 00000nam a2200000 a 4500
001 UCU0154
003 CL-VaPUC
008 960315e19690000SP |||||||||||||||||spa|d
082 0 4 |a 796.334  |b CSA  |2 21 
100 0 |a Csanàdi, Arpád  |e author  |9 355166 
245 1 3 |a El fútbol 
250 |a 2a. ed 
300 |a 567 p 
942 |c BK 
945 |d 19960315 00:00:00  |a paguirre 
260 |a Barcelona  |b Planeta  |c 1969 
650 0 |a Fútbol  |9 307513 
650 7 |a JUEGOS DE PELOTA  |2 CL-VaPUC  |9 340284 
650 7 |a DEPORTE  |2 CL-VaPUC  |9 355167 
583 |a last modification  |c 19960315 00:00:00  |k Rodrigo Vera 
999 |c 245097  |d 245095 
952 |0 0  |1 0  |4 0  |6 796_334000000000000_CSA_1969  |7 0  |8 P  |9 259479  |a BIBEDU  |b BIBEDU  |c BIBEDU_PB  |d 2019-11-19  |i 1631756  |o 796.334 CSA 1969  |p 1631756  |r 2024-01-25  |w 2019-11-19  |y BK  |k EDU